000 00477nam a2200133Ia 4500
008 100328s9999 xx 000 0 und d
082 _b71332
100 _aवर्टीकर अर्चना.
245 _aजळात सोडलेले दिवे
260 _bमेहता पब्लिशिंग हाऊस.
630 _aजळात सोडलेले दिवे
730 _aजळात सोडलेले दिवे
942 _cBOOK
999 _c557056
_d557053